000 00384nam a2200145Ia 4500
008 240624s9999 xx 000 0 und d
041 _aeng
082 _a658.8342 HAW
100 _aHAWKINS DEL I
245 _aCONSUMER BEHAVIOR BUILDING MARKETING STR
250 _a(12th ed.)
260 _c2014
_aNew Delhi
_bTata McGraw- Hill
300 _axxv, : 867 : p. : cm. ; 24
365 _cRS
999 _c25407
_d25407